Slovakia - in pictures

Podrobná bibliografia
Korporatívny autor: Lerner Publications Company Geography Department Minneapolis, Minn (Zostavovateľ, kompilátor)
Médium: Kniha
Jazyk:angličtina
Fyzický popis:64 s. fotogr. (prevažne fareb.), mp. 26 cm
Vydavateľské údaje: Minneapolis Lerner Publications Company c1995
ISBN:0822519127
Edícia:Visual geography series
Predmet:

MARC

LEADER 00000nam a2200000 a 4500
001 vtls001380786
003 SK-MaSNL
005 20260301161356.0
008 251113s1995 US ab r eng
015 |a SNBZSA2000-00094 
020 |a 0822519127 
035 |a SNK000334785 
035 |a urn:nbn:sk:snk-amyehi 
035 |a urn:nbn:sk:snk-am00cf0f 
035 |a AA759AE4-4A85-4028-9304-99A16C70C509 
040 |a SNK  |b slo  |c SNK  |e AACR2 
041 0 |a eng 
044 |a US 
080 |a 908.437.6(087.5)=20  |2 1981 
245 0 |a Slovakia - in pictures  |c prepared by Geography Department, Lerner Publications Company 
260 |a Minneapolis  |b Lerner Publications Company  |c c1995 
300 |a 64 s.  |b fotogr. (prevažne fareb.), mp.  |c 26 cm 
490 1 |a Visual geography series 
500 |a Fareb. fotogr. na obál. a tit. strane 
504 |a Reg. 
651 7 |a Slovensko  |x výklady populárno-náučné  |2 SNK  |9 524300 
655 7 |a prehľady  |2 SNK  |9 70194 
710 0 |a Lerner Publications Company  |b Geography Department Minneapolis, Minn.  |4 com  |9 524301 
830 0 |a Visual geography series  |9 524302 
919 |a 0-8225-1912-7 
958 |a ZS 
958 |a TL 
958 |a US 
958 |a DB 
999 |c 809188  |d 811118 
952 |t P60, <03>, [BOOK], {603}  |a SNK  |b SNK  |y PREZ  |7 0  |p 17A0237280  |o snkSB 61752  |i snkV 717/2000  |0 0  |1 0  |4 0  |d 2000-05-16  |f 1  |l 0  |r 2025-04-10 00:00:00  |w 2026-02-24